000
00263nam a22001217a 4500
008
170510b xxu||||| |||| 00| 0 eng d
041
_a
eng
080
_a
347
100
_a
15
101
_a
SHJ
245
_a
HUMAN RIGHT QUARTERLY
_c
BIEFELDT.H
942
_2
udc
_c
BK
999
_c
13061
_d
13061